000 00861nas a2200253 4500
001 BR2012003069
003 BR-BrBNA
005 20231205120520.0
007 ta
008 230509b bl.|||p| |||| 00| 00por d
040 _aBR-BrBNA
_bpor
_cBiblioteca Nacional de Agricultura
041 _a(Pt)
072 _aE14; E80
100 1 _aBrigatti, A.S.
100 1 _aTarsitano, M.A.A.
100 1 _aCosta, S.M. de A.L.
245 1 _aPrograma de Aquisição de Alimentos - PAA como opção de comercialização para agricultores familiares do município de Junqueirópolis (SP)
650 _aAGRICULTURA FAMILIAR
650 _aPOLÍTICAS PÚBLICAS
650 _aDESENVOLVIMENTO RURAL
773 0 _tCultura Agronômica (Brazil)
_xISSN 0104-1010
_g(2010), v. 19(2) p. 45-54
_wBR2012003069
909 _a202311
_bLúcia
_c55
_dLúcia Elande
942 _2AGRIS
_n0
_cANA
999 _c218905
_d218905